| 000 | 00000nam 2200000za 4500 |
| 001 | 9.822223 |
| 003 | CaOODSP |
| 005 | 20221107143635 |
| 007 | cr ||||||||||| |
| 008 | 160808s1993 onc |o f|0| 0 eng d |
| 040 | |aCaOODSP|beng |
| 043 | |an-cn--- |
| 086 | 1 |aBT77-1/1993E-PDF |
| 110 | 1 |aCanada. |bDepartment of Finance. |
| 245 | 10|aDirectors of crown corporations |h[electronic resource] : |ban introductory guide to their roles and responsibilities / |cprepared by: The Crown Corporations Directorate of the Department of Finance and Treasury Board Secretariat, in collaboration with: The Conference Board of Canada and the Canadian Centre for Management Development. |
| 260 | |6[Ottawa] : |8Department of Finance and Treasury Board of Canada, |a[1993]. |
| 300 | |a16 p. |
| 504 | |aIncludes bibliographic references. |
| 692 | 07|2gccst|aCrown corporations |
| 692 | 07|2gccst|aManagement |
| 710 | 2 |aConference Board of Canada. |
| 710 | 1 |aCanada.|bCanadian Centre for Management Development. |
| 775 | 08|tGuide d'introduction aux rôles et responsabilités des administrateurs de sociétés d'État |w(CaOODSP)9.826955 |
| 776 | 0#|tDirectors of Crown corporations : |w(CaOODSP)9.644770 |
| 856 | 40|qPDF|s1.60 MB|uhttps://publications.gc.ca/collections/collection_2016/fin/BT77-1-1993-eng.pdf |